| 000 | 00387nam a2200157Ia 4500 | ||
|---|---|---|---|
| 008 | 131103s9999 xx 000 0 und d | ||
| 040 | _aLoreto College | ||
| 041 | _aEnglish | ||
| 082 |
_aRef/I.Q. _bLCBED/7355 |
||
| 245 | _aIndian dance | ||
| 260 |
_aDelhi _bPublication division _c[19?] |
||
| 300 |
_a48p. _b pic. _c 24cm. |
||
| 650 | _aI.Q. | ||
| 850 | _aLCBED/Ref/I.Q. | ||
| 942 | _cBK | ||
| 999 |
_c30827 _d81306 |
||